| 000 | 00731nam a2200289 a 4500 | ||
|---|---|---|---|
| 003 | AR-BaBNM | ||
| 005 | 20251128210815.0 | ||
| 008 | 082120s2002 ||||||||||||||000 | spa|| | ||
| 020 | _a84-01-42320-1 | ||
| 040 | _cAR-BaBNM | ||
| 100 | 1 | _aHernández, Miguel | |
| 245 | 0 | 0 | _aPoemas |
| 250 | _a3ª ed. | ||
| 260 |
_aBarcelona _bPlaza & Janés Editores _c1997 |
||
| 300 | _a134 p. | ||
| 490 | 0 |
_aAve Fénix _vv. 213 |
|
| 650 | 4 | _aLITERATURA ESPAÑOLA | |
| 650 | 4 | _aPOESIA | |
| 650 | 4 | _aIDENTIDAD CULTURAL | |
| 650 | 4 | _aIDEOLOGIAS POLITICAS | |
| 653 | _aGENERACION DE 1927 | ||
| 653 | _aGUERRA CIVIL ESPAÑOLA | ||
| 655 | _aLITERATURA | ||
| 700 | 1 |
_aCano, José Luis _eprologuista |
|
| 942 | _cBK | ||
| 998 | _cMARTIN | ||
| 999 |
_c17005 _d17005 |
||